Introductory circuit for electrical and computer engineering/ (Record no. 9810)

MARC details
000 -LEADER
fixed length control field 00578nam a22001817a 4500
003 - CONTROL NUMBER IDENTIFIER
control field OSt
005 - DATE AND TIME OF LATEST TRANSACTION
control field 20260423090452.0
008 - FIXED-LENGTH DATA ELEMENTS--GENERAL INFORMATION
fixed length control field 260423b |||||||| |||| 00| 0 eng d
020 ## - INTERNATIONAL STANDARD BOOK NUMBER
International Standard Book Number 0130198552
040 ## - CATALOGING SOURCE
Original cataloging agency DWCL-Main lib.
Transcribing agency OC
082 ## - DEWEY DECIMAL CLASSIFICATION NUMBER
Classification number Circ. 621.3 N599i 2002
100 ## - MAIN ENTRY--PERSONAL NAME
Personal name Nilsson, James W.
245 ## - TITLE STATEMENT
Title Introductory circuit for electrical and computer engineering/
Statement of responsibility, etc. James W. Nilsson
260 ## - PUBLICATION, DISTRIBUTION, ETC.
Place of publication, distribution, etc. New Jersey :
Name of publisher, distributor, etc. Prentice Hall,
Date of publication, distribution, etc. c2002.
300 ## - PHYSICAL DESCRIPTION
Extent xix, 555 pages :
Other physical details illustrations ;
Dimensions 23cm.
700 ## - ADDED ENTRY--PERSONAL NAME
Personal name Riedel, Susan A.
942 ## - ADDED ENTRY ELEMENTS (KOHA)
Source of classification or shelving scheme Dewey Decimal Classification
Koha item type Book Circulation
Classification part Circ.
Suppress in OPAC No
952 ## - LOCATION AND ITEM INFORMATION (KOHA)
--
Holdings
Withdrawn status Lost status Source of classification or shelving scheme Damaged status Not for loan Home library Current library Shelving location Date acquired Cost, normal purchase price Total Checkouts Full call number Barcode Date last seen Copy number Price effective from Koha item type Uniform Resource Identifier
    Dewey Decimal Classification     College Library College Library Circulation 04/23/2026 0.00   Circ. 621.3 N599i 2002 CL38276 04/23/2026 c1 04/23/2026 BK-CIRC